000 00302nam a22001337a 4500
008 180924b xxu||||| |||| 00| 0 eng d
020 _a9780071810791
041 _aeng
080 _24th
_a611
100 _a6
101 _aANA
245 _aHuman Anatomy and Physiology
_cGraaff,K.M
942 _2udc
_cBK
999 _c48332
_d48332